000 00442nam a2200169Ia 4500
003 GCL
008 140319s9999 xx 000 0 eng d
040 _aGCL /
_cGCL
082 0 4 _a910.3
_bB E
100 1 _aBATEMAN, GRAHAM
245 1 0 _aENCYCLOPEDIA OF WORLD GEOGRAPHY /
_cBATEMAN, GRAHAM
260 _a[S.N] :
_bANDROMEDA OXFORD LIMITED ،
_c1993
300 _a512 P
650 0 4 _aGEOGRAPHY
650 0 4 _aENCYCLOPEDIES
942 _2ddc
_cBK
999 _c13259
_d13259